| 000 | 00387nam a22001337a 4500 | ||
|---|---|---|---|
| 082 |
_a358.295491 _bHIS _cL-40,P-69 |
||
| 100 |
_aSYED SHUJAAT HUSSAIN _91628 |
||
| 245 |
_aHISTORY OF MES PAKISTAN _bSYED SHUJAAT HSSAIN |
||
| 260 |
_aRAWALPINDI _bSYED SHUJAAT HUSSAIN _c1991 |
||
| 300 |
_a335P.: _c25 CM |
||
| 526 |
_a0 _b0 _c0 _d358_295491000000000_HIS |
||
| 650 |
_aMCE _9379 |
||
| 942 |
_2ddc _cBK |
||
| 999 |
_c542707 _d542707 |
||